Pokémon ayant la stat PV la plus haute - Statistiques

Statistiques générales
  • Ce quiz a été pris 774 fois
    601 depuis la dernière actualisation
  • Le résultat moyen est 16 sur 40
Statistiques - réponses
Stat Pokémon % Correct
113 250 Leveinard
92%
242 255 Leuphorie
91%
143 160 Ronflex
78%
493 120 Arceus
68%
487 150 Giratina (forme alternative)
62%
487 150 Giratina (forme originelle)
62%
321 170 Wailord
61%
799 223 Engloutyran
60%
718 216 Zygarde (forme parfaite)
56%
289 150 Monaflémit
51%
040 140 Grodoudou
48%
202 190 Qulbutoké
48%
646 125 Kyurem
47%
646 125 Kyurem Blanc
47%
646 125 Kyurem Noir
47%
716 126 Xerneas
47%
717 126 Yveltal
46%
890 140 Éthernatos
43%
446 135 Goinfrex
43%
792 137 Lunala
42%
791 137 Solgaleo
42%
131 130 Lokhlass
39%
488 120 Cresselia
38%
320 130 Wailmer
37%
134 130 Aquali
36%
039 115 Rondoudou
35%
594 165 Mamanbo
33%
426 150 Grodrive
27%
464 115 Rhinastoc
27%
297 144 Hariyama
25%
809 135 Melmetal
25%
244 115 Entei
23%
171 125 Lanturn
19%
518 116 Mushana
11%
673 123 Chevroum
10%
699 123 Dragmara
10%
760 120 Chelours
9%
538 120 Judokrak
9%
820 120 Rongrigou
9%
879 122 Pachyradjah
7%
Aucun quiz correspondant
Distribution des résultats
% des personnes avec chaque résultat
Percentile par nombre de réponses
Votre historique - résultats
Vous n’avez pas pris ce quiz depuis la dernière actualisation